| 000 | 02848nam0a22005051 4500 | ||
|---|---|---|---|
| 001 | v19\rc\1278588 | ||
| 005 | 20260408063738.0 | ||
| 035 | _a(NLR Aleph) 004429487 | ||
| 090 |
_a4247000 _c4247000 |
||
| 100 | _a20060306d1828 m y0rusy50 ca | ||
| 101 | 0 | _arus | |
| 102 | _aRU | ||
| 135 | _acrcn 024anaba | ||
| 140 | _ay y aayaa0000 | ||
| 200 | 1 |
_aВиргиния или Причины изгнания децемвиров. _eИсторическое произшествие |
|
| 210 |
_aСанктпетербург _cв типографии Департамента народнаго просвещения _d1828 |
||
| 215 |
_a36 с. _d16° |
||
| 300 | _aЦенз.: И. Я. Ветринский, 8 марта 1828 г. | ||
| 300 | _aКн. выходила в изд. обл. | ||
| 300 | _aНа с.5 загл.: "Виргиния или Изгнание децемвиров" | ||
| 316 |
_aЭкз. РНБ (18.145.2.74) в изд. обл. На 1-й с. обл. техн. пометы (чернила). На 2-й с. обл. ярлык с шифром РНБ, наклеенный на ярлык со старым шифром. На авантит., с.33 и 36 круглый штамп ГПБ. На с.36 техн. штамп и техн. помета (цв. чернила). Размер: 12,5х10,5х0,3 см _5NLR: 18.145.2.74 |
||
| 325 | _aКопия доступна в Электрон. б-ке РНБ | ||
| 514 | 1 | _aВиргиния или Изгнание децемвиров | |
| 517 | 1 | _aИзгнание децемвиров | |
| 517 | 1 | _aПричины изгнания децемвиров | |
| 620 | _dСанкт-Петербург | ||
| 702 | 1 |
_4190 _7ca _8rus _aВетринский _bИ. Я. _f1787-1849 _gИродион Яковлевич _9260871 _3RU\NLR\AUTH\770260927 |
|
| 712 | 0 | 1 |
_4610 _aРоссия _bДепартамент народного просвещения _bТипография _3RU\NLR\AUTH\8810036469 _9571615 |
| 801 | 0 |
_aRU _bNLR _gpsbo |
|
| 801 | 0 |
_aRU _bRuMoRGB _2psbo |
|
| 801 | 1 |
_aRU _bProSoft-M _2rusmarc |
|
| 852 |
_aNLR _j18.145.2.74 |
||
| 856 | 0 | _uhttps://vivaldi.nlr.ru/bx000027996/view | |
| 856 | 1 | _uhttps://vivaldi.nlr.ru/bx000027996/cover | |
| 856 | 2 | _uhttps://vivaldi.nlr.ru/bx000027996/text | |
| 899 | _aБАН | ||
| 899 | _aНБ СПбГУ | ||
| 942 | _cBOOK | ||
| 980 | _aNB | ||
| 981 | 3 | 3 |
_a(33) Художественная литература _b(33) Отечественная литература |
| 981 | 2 | 0 |
_a(20) Книжные памятники РНБ _b(20) Русский книжный фонд |